<?xml version="1.0" encoding="UTF-8"?>
<record
    xmlns:xsi="http://www.w3.org/2001/XMLSchema-instance"
    xsi:schemaLocation="http://www.loc.gov/MARC21/slim http://www.loc.gov/standards/marcxml/schema/MARC21slim.xsd"
    xmlns="http://www.loc.gov/MARC21/slim">

  <leader>00426nam a22001697a 4500</leader>
  <datafield tag="999" ind1=" " ind2=" ">
    <subfield code="c">3481</subfield>
    <subfield code="d">3480</subfield>
  </datafield>
  <controlfield tag="005">20210831115359.0</controlfield>
  <controlfield tag="008">160622b        xxu||||| |||| 00| 0 eng d</controlfield>
  <datafield tag="020" ind1=" " ind2=" ">
    <subfield code="a">81-219-2937-7</subfield>
  </datafield>
  <datafield tag="041" ind1=" " ind2=" ">
    <subfield code="a">eng</subfield>
  </datafield>
  <datafield tag="082" ind1=" " ind2=" ">
    <subfield code="b">9115</subfield>
  </datafield>
  <datafield tag="100" ind1=" " ind2=" ">
    <subfield code="a">Mishra, Dr D.D.</subfield>
    <subfield code="9">2448</subfield>
  </datafield>
  <datafield tag="245" ind1=" " ind2=" ">
    <subfield code="a">Fundamental Concepts in Environmental Studies</subfield>
  </datafield>
  <datafield tag="260" ind1=" " ind2=" ">
    <subfield code="a">New Delhi</subfield>
    <subfield code="b">Sultan Chand &amp; Sons, </subfield>
  </datafield>
  <datafield tag="300" ind1=" " ind2=" ">
    <subfield code="a">270</subfield>
  </datafield>
  <datafield tag="650" ind1=" " ind2=" ">
    <subfield code="a">Management</subfield>
    <subfield code="9">241</subfield>
  </datafield>
  <datafield tag="942" ind1=" " ind2=" ">
    <subfield code="c">BK</subfield>
  </datafield>
  <datafield tag="952" ind1=" " ind2=" ">
    <subfield code="0">0</subfield>
    <subfield code="1">0</subfield>
    <subfield code="4">0</subfield>
    <subfield code="7">0</subfield>
    <subfield code="8">MANAGEMENT</subfield>
    <subfield code="a">JRU</subfield>
    <subfield code="b">JRU</subfield>
    <subfield code="c">SHELF-50-E</subfield>
    <subfield code="d">2016-06-22</subfield>
    <subfield code="e">PURCHASE</subfield>
    <subfield code="g">200.00</subfield>
    <subfield code="l">15</subfield>
    <subfield code="m">7</subfield>
    <subfield code="o">9115</subfield>
    <subfield code="p">9115</subfield>
    <subfield code="r">2026-05-07 11:31:44</subfield>
    <subfield code="s">2026-04-10</subfield>
    <subfield code="w">2016-06-22</subfield>
    <subfield code="y">BK</subfield>
  </datafield>
  <datafield tag="952" ind1=" " ind2=" ">
    <subfield code="0">0</subfield>
    <subfield code="1">0</subfield>
    <subfield code="4">0</subfield>
    <subfield code="7">0</subfield>
    <subfield code="8">MANAGEMENT</subfield>
    <subfield code="a">JRU</subfield>
    <subfield code="b">JRU</subfield>
    <subfield code="c">SHELF-50-E</subfield>
    <subfield code="d">2016-06-22</subfield>
    <subfield code="e">PURCHASE</subfield>
    <subfield code="g">200.00</subfield>
    <subfield code="l">27</subfield>
    <subfield code="m">5</subfield>
    <subfield code="o">9115</subfield>
    <subfield code="p">9116</subfield>
    <subfield code="r">2026-05-14 17:32:48</subfield>
    <subfield code="s">2026-04-29</subfield>
    <subfield code="w">2016-06-22</subfield>
    <subfield code="y">BK</subfield>
  </datafield>
  <datafield tag="952" ind1=" " ind2=" ">
    <subfield code="0">0</subfield>
    <subfield code="1">0</subfield>
    <subfield code="4">0</subfield>
    <subfield code="7">0</subfield>
    <subfield code="8">MANAGEMENT</subfield>
    <subfield code="a">JRU</subfield>
    <subfield code="b">JRU</subfield>
    <subfield code="c">SHELF-50-E</subfield>
    <subfield code="d">2016-06-22</subfield>
    <subfield code="e">PURCHASE</subfield>
    <subfield code="g">200.00</subfield>
    <subfield code="l">32</subfield>
    <subfield code="m">9</subfield>
    <subfield code="o">9115</subfield>
    <subfield code="p">9117</subfield>
    <subfield code="q">2026-05-24</subfield>
    <subfield code="r">2026-04-29 12:14:21</subfield>
    <subfield code="s">2026-04-29</subfield>
    <subfield code="w">2016-06-22</subfield>
    <subfield code="y">BK</subfield>
  </datafield>
  <datafield tag="952" ind1=" " ind2=" ">
    <subfield code="0">0</subfield>
    <subfield code="1">0</subfield>
    <subfield code="4">0</subfield>
    <subfield code="7">0</subfield>
    <subfield code="8">MANAGEMENT</subfield>
    <subfield code="a">JRU</subfield>
    <subfield code="b">JRU</subfield>
    <subfield code="c">SHELF-50-E</subfield>
    <subfield code="d">2016-06-22</subfield>
    <subfield code="e">PURCHASE</subfield>
    <subfield code="g">200.00</subfield>
    <subfield code="l">21</subfield>
    <subfield code="m">4</subfield>
    <subfield code="o">9115</subfield>
    <subfield code="p">9118</subfield>
    <subfield code="q">2026-04-15</subfield>
    <subfield code="r">2026-01-15 08:46:24</subfield>
    <subfield code="s">2026-01-15</subfield>
    <subfield code="w">2016-06-22</subfield>
    <subfield code="y">BK</subfield>
  </datafield>
  <datafield tag="952" ind1=" " ind2=" ">
    <subfield code="0">0</subfield>
    <subfield code="1">0</subfield>
    <subfield code="4">0</subfield>
    <subfield code="7">0</subfield>
    <subfield code="8">MANAGEMENT</subfield>
    <subfield code="a">JRU</subfield>
    <subfield code="b">JRU</subfield>
    <subfield code="c">SHELF-50-E</subfield>
    <subfield code="d">2016-06-22</subfield>
    <subfield code="e">PURCHASE</subfield>
    <subfield code="g">200.00</subfield>
    <subfield code="l">29</subfield>
    <subfield code="m">15</subfield>
    <subfield code="o">9115</subfield>
    <subfield code="p">9119</subfield>
    <subfield code="q">2026-05-29</subfield>
    <subfield code="r">2026-05-14 17:34:24</subfield>
    <subfield code="s">2026-05-14</subfield>
    <subfield code="w">2016-06-22</subfield>
    <subfield code="y">BK</subfield>
  </datafield>
</record>
